MARC

LEADER 00000nam0a2200000 4500
001 188248
005 20231101224125.0
010 |a 5717300700 
020 |a RU  |b 91-34556 
035 |a (RuTPU)RU\TPU\book\204482 
090 |a 188248 
100 |a 20101206d1990 km y0rusy5003 ca 
101 0 |a rus 
102 |a RU 
105 |a a z 001zy 
200 1 |a Методы разведочной геофизики. Пьезоэлектрический метод разведки  |e сборник научных трудов  |f Научно-производственное объединение "Рудгеофизика" ; под ред. Н. М. Нейштадт, З. В. Мазановой 
210 |a Ленинград  |c НПО "Рудгеофизика"  |d 1990 
215 |a 88 с.  |c ил. 
320 |a Библиогр. в конце ст. 
610 1 |a геофизическая разведка 
610 1 |a пьезоэлектрический метод 
610 1 |a геофизические методы 
610 1 |a разведочная геофизика 
610 1 |a жильный кварц 
610 1 |a пьезоактивные среды 
610 1 |a радиоимпульсы 
675 |a 550.833(082)  |z rus 
686 |a 38.57  |2 rugasnti 
702 1 |a Нейштадт  |b Н. М.  |g Наум Михайлович.  |4 340 
702 1 |a Мазанова  |b З. В.  |4 340 
712 0 2 |a Научно-производственное объединение "Рудгеофизика"  |2 stltpush  |3 (RuTPU)RU\TPU\col\9324  |9 24685 
801 0 |a RU  |b RuMRKP  |c 19950417  |g psbo 
801 1 |a RU  |b 63413507  |c 20101206 
801 2 |a RU  |b 63413507  |c 20110117  |g RCR 
942 |c BK